000 02376nam a22004337a 4500
005 20080602201102.0
008 080730t xxu||||| |||| 00| 0 eng d
010 _aENG-90646 B-317321-322
020 _a9780761936381 (paper back)
_c395.00
020 _a9788178297842 (paper back-India)
_c395.00
035 _aEN-74179
035 _aB-317321-322
035 _aB-359152
037 _bDBAD / PUB
037 _bPansy Books
040 _adpl
_bEnglish
082 _a306.740954
245 _aProstitution and beyond :
_ban analysis of sex work in India /
_cedited by Rohini Sahni, V Kalyan Shankar [and] Hemant Apte
260 _aNew Delhi
_bSAGE Publications
_c2008
270 _aB1/I-1, Mohan Cooperative Industrial Area, Mathura Road
_bNew Delhi
_e110044
300 _a369p.
_c22cm(pbk)
500 _aIncludes bibliographical references and index.
650 _aProstitution
_xSocial aspects
_zIndia.
650 _aProstitution
_xEconomic aspects
_zIndia.
650 _aProstitution
_xHealth aspects
_zIndia.
650 _aProstitutes
_xSocial conditions
_zIndia.
650 _aWomen
_xSocial conditions
_zIndia.
650 _aSex-oriented businesses
_zIndia.
700 _aSahni, Rohini
700 _aShankar, V. Kalyan
700 _aApte, Hemant
942 _2ddc
_cEN
_h306.740954
_mPRO
999 _c14688
_d14688